Five Most Common Names For Boys - Statistics

General Stats
  • This quiz has been taken 44 times
  • The average score is 4 of 5
Answer Stats
Hint Answer % Correct
J James
91%
N Noah
82%
O Oliver
80%
L Liam
75%
E Elijah
34%
No matching quizzes found
Score Distribution
Percent of People with Each Score
Percentile by Number Answered
Your Score History
You have not taken this quiz